Southville International School and Colleges
Your cart is empty.
  • Cart
  • Lists
    Public lists Eva Luna New books Lux_list list_1
    Your lists Log in to create your own lists
  • Log in to your account
  • Your cookies
  • Search history
Southville International School and Colleges
  • Advanced search
  • Recent comments
  • Most popular
  • Libraries

Log in to your account

Log in with GOOGLE


If you do not have an external account, but do have a local account, you can still log in:

  1. Home
  2. MARC view: Bill and Jill /
Normal view MARC view ISBD view

Bill and Jill / (Record no. 106123)

[ view plain ]
MARC details
000 -LEADER
fixed length control field 00545nam a2200205 a 4500
003 - CONTROL NUMBER IDENTIFIER
control field 0
005 - DATE AND TIME OF LATEST TRANSACTION
control field 20170302134719.0
008 - FIXED-LENGTH DATA ELEMENTS--GENERAL INFORMATION
fixed length control field 080124s19uu xx 00 eng d
020 ## - INTERNATIONAL STANDARD BOOK NUMBER
International Standard Book Number 983-187-230-4
050 ## - LIBRARY OF CONGRESS CALL NUMBER
Classification number TR(GS 428.4
Item number M11 2004
100 ## - MAIN ENTRY--PERSONAL NAME
Personal name Mah, May S.M.
245 ## - TITLE STATEMENT
Title Bill and Jill /
Statement of responsibility, etc May S.M. Mah.
260 ## - PUBLICATION, DISTRIBUTION, ETC. (IMPRINT)
Place of publication, distribution, etc Malaysia :
Name of publisher, distributor, etc Rhythm distributor,
Date of publication, distribution, etc 2004.
300 ## - PHYSICAL DESCRIPTION
Extent 24p.
440 ## - SERIES STATEMENT/ADDED ENTRY--TITLE
Title Phonics in reading
500 ## - GENERAL NOTE
General note Series 2
520 ## - SUMMARY, ETC.
Summary, etc Introduces words ending with double consonant L
942 ## - ADDED ENTRY ELEMENTS (KOHA)
Source of classification or shelving scheme Dewey Decimal Classification
Koha item type Books
Holdings
Withdrawn status Lost status Source of classification or shelving scheme Damaged status Home library Current library Shelving location Date acquired Source of acquisition Total Checkouts Full call number Barcode Date last seen Price effective from Koha item type
    Library of Congress Classification   Elizalde Library Elizalde Library Teachers Reference Section 01/24/2008 Donation   TR(GS 428.4 M11 2004 E11246 04/12/2014 04/12/2014 Books

Bill and Jill /

APA

Mah M. S., . (2004). Bill and Jill. Malaysia: Rhythm distributor.

Chicago

Mah May S.M, . 2004. Bill and Jill. Malaysia: Rhythm distributor.

Harvard

Mah M. S., . (2004). Bill and Jill. Malaysia: Rhythm distributor.

MLA

Mah May S.M, . Bill and Jill. Malaysia: Rhythm distributor. 2004.

  • Place hold
  • Print
  • Cite
  • Add to your cart (remove)
  • Save record
    BIBTEX Dublin Core MARCXML MARC (non-Unicode/MARC-8) MARC (Unicode/UTF-8) MARC (Unicode/UTF-8, Standard) MODS (XML) RIS
  • More searches
    Search for this title in:
    Other Libraries (WorldCat) Other Databases (Google Scholar) Online Stores (Bookfinder.com) Open Library (openlibrary.org)

Exporting to Dublin Core...

SOUTHVILLE LIBRARY

Southville International School and Colleges Library

1281 Tropical Ave. Cor. Luxembourg St., BF Homes International, Las Pinas City

Tel. No. 8256374 / 252358 Loc. 117/146

Powered by Koha